Statistiques concernant JetPunkers francophones en rébus

Cliquez ici pour prendre le quiz!

Statistiques générales

  • Ce quiz a été pris 323 fois
  • Le résultat moyen est 4 sur 10

Réponses sur la Carte

Les réponses sont colorées sur une échelle allant du rouge au vert en fonction du pourcentage des utilisateurs qui les ont devinées à leur premier essai. Vous pouvez retrouver ces pourcentages ci-dessous.
 

Statistiques - réponses

JetPunkers% Correct
ariane5
97%
ulysse19
92%
Chapa
91%
Pifeger
37%
Silas666
34%
piR
27%
Ravisseur
25%
Nygaut
21%
FauneMimi
12%
Mewthree
7%

Distribution des résultats

Percentile par nombre de réponses

% des personnes avec chaque résultat

Votre développement - résultats

Vous n’avez pas pris ce quiz